000 00549nam a2200193 a 4500
001 000033008
003 OSt
005 20240227073914.0
008 110808s1914 dr r 000 0 spa d
040 _aDO-SdBNP
_bspa
_cBNPHU
082 4 _aRD861.4
_bH519a
100 1 _aHenríquez Ureña, Max,
_d1885-1968
_92621
245 1 0 _aÁnforas /
_cMax Henríquez Ureña.
260 _aHabana :
_bBiblioteca Studuim,
_c1914.
300 _a255 p. ;
_c21 cm.
590 _aInventariado, 2019/BT
910 _aValidado. Control de calidad MFF
942 _2ddc
_cLF1
999 _c32499
_d32499